000 00213nam a22000857a 4500
008 161201b xxu||||| |||| 00| 0 eng d
100 _91703
_aNayak, A.K
245 _aComputer For You.
260 _aNew Delhi
_bAsian
_c2003
999 _c4416
_d4416